<?xml version="1.0" encoding="UTF-8"?>
<collection xmlns="http://www.loc.gov/MARC21/slim">
 <record>
  <leader>04635cam a2200805   4500</leader>
  <controlfield tag="001">189326085</controlfield>
  <controlfield tag="003">DE-627</controlfield>
  <controlfield tag="005">20240906071331.0</controlfield>
  <controlfield tag="007">tu</controlfield>
  <controlfield tag="008">951020s1995    gw ||||| m    00| ||ger c</controlfield>
  <datafield tag="015" ind1=" " ind2=" ">
   <subfield code="a">95,N43,0573</subfield>
   <subfield code="2">dnb</subfield>
  </datafield>
  <datafield tag="015" ind1=" " ind2=" ">
   <subfield code="a">96,A23,1564</subfield>
   <subfield code="2">dnb</subfield>
  </datafield>
  <datafield tag="016" ind1="7" ind2=" ">
   <subfield code="a">945371802</subfield>
   <subfield code="2">DE-101</subfield>
  </datafield>
  <datafield tag="020" ind1=" " ind2=" ">
   <subfield code="a">3806212228</subfield>
   <subfield code="c"> (kart.)</subfield>
   <subfield code="9">3-8062-1222-8</subfield>
  </datafield>
  <datafield tag="035" ind1=" " ind2=" ">
   <subfield code="a">(DE-627)189326085</subfield>
  </datafield>
  <datafield tag="035" ind1=" " ind2=" ">
   <subfield code="a">(DE-576)049247980</subfield>
  </datafield>
  <datafield tag="035" ind1=" " ind2=" ">
   <subfield code="a">(DE-599)GBV277464749</subfield>
  </datafield>
  <datafield tag="035" ind1=" " ind2=" ">
   <subfield code="a">(OCoLC)845064078</subfield>
  </datafield>
  <datafield tag="035" ind1=" " ind2=" ">
   <subfield code="a">(OCoLC)35249736</subfield>
  </datafield>
  <datafield tag="040" ind1=" " ind2=" ">
   <subfield code="a">DE-627</subfield>
   <subfield code="b">ger</subfield>
   <subfield code="c">DE-627</subfield>
   <subfield code="e">rakwb</subfield>
  </datafield>
  <datafield tag="041" ind1=" " ind2=" ">
   <subfield code="a">ger</subfield>
  </datafield>
  <datafield tag="044" ind1=" " ind2=" ">
   <subfield code="c">XA-DE</subfield>
  </datafield>
  <datafield tag="050" ind1=" " ind2="0">
   <subfield code="a">GN780.2.L3</subfield>
  </datafield>
  <datafield tag="084" ind1=" " ind2=" ">
   <subfield code="a">60</subfield>
   <subfield code="2">sdnb</subfield>
  </datafield>
  <datafield tag="084" ind1=" " ind2=" ">
   <subfield code="a">NF 1220</subfield>
   <subfield code="2">rvk</subfield>
   <subfield code="0">(DE-625)rvk/125211:1191</subfield>
  </datafield>
  <datafield tag="084" ind1=" " ind2=" ">
   <subfield code="a">NF 4245</subfield>
   <subfield code="2">rvk</subfield>
   <subfield code="0">(DE-625)rvk/125261:1197</subfield>
  </datafield>
  <datafield tag="084" ind1=" " ind2=" ">
   <subfield code="a">NF 1280</subfield>
   <subfield code="2">rvk</subfield>
   <subfield code="0">(DE-625)rvk/125211:1206</subfield>
  </datafield>
  <datafield tag="084" ind1=" " ind2=" ">
   <subfield code="a">15.17</subfield>
   <subfield code="2">bkl</subfield>
  </datafield>
  <datafield tag="084" ind1=" " ind2=" ">
   <subfield code="a">15.19</subfield>
   <subfield code="2">bkl</subfield>
  </datafield>
  <datafield tag="100" ind1="1" ind2=" ">
   <subfield code="a">Kurz, Gabriele</subfield>
   <subfield code="d">-2008</subfield>
   <subfield code="0">(DE-588)138957797</subfield>
   <subfield code="0">(DE-627)607416416</subfield>
   <subfield code="0">(DE-576)30971298X</subfield>
   <subfield code="4">aut</subfield>
  </datafield>
  <datafield tag="245" ind1="1" ind2="0">
   <subfield code="a">Keltische Hort- und Gewässerfunde in Mitteleuropa</subfield>
   <subfield code="b">Deponierungen in der Latènezeit</subfield>
   <subfield code="c">Gabriele Kurz. Landesdenkmalamt Baden-Württemberg</subfield>
  </datafield>
  <datafield tag="264" ind1=" " ind2="1">
   <subfield code="a">Stuttgart</subfield>
   <subfield code="b">Theiss</subfield>
   <subfield code="c">1995</subfield>
  </datafield>
  <datafield tag="300" ind1=" " ind2=" ">
   <subfield code="a">254 S.</subfield>
   <subfield code="b">graph. Darst., Kt.</subfield>
   <subfield code="c">30 cm</subfield>
  </datafield>
  <datafield tag="336" ind1=" " ind2=" ">
   <subfield code="a">Text</subfield>
   <subfield code="b">txt</subfield>
   <subfield code="2">rdacontent</subfield>
  </datafield>
  <datafield tag="337" ind1=" " ind2=" ">
   <subfield code="a">ohne Hilfsmittel zu benutzen</subfield>
   <subfield code="b">n</subfield>
   <subfield code="2">rdamedia</subfield>
  </datafield>
  <datafield tag="338" ind1=" " ind2=" ">
   <subfield code="a">Band</subfield>
   <subfield code="b">nc</subfield>
   <subfield code="2">rdacarrier</subfield>
  </datafield>
  <datafield tag="490" ind1="1" ind2=" ">
   <subfield code="a">Materialhefte zur Archäologie in Baden-Württemberg</subfield>
   <subfield code="v">33</subfield>
  </datafield>
  <datafield tag="502" ind1=" " ind2=" ">
   <subfield code="a">Zugl.: Tübingen, Univ., Diss., 1989-1990</subfield>
  </datafield>
  <datafield tag="583" ind1="1" ind2=" ">
   <subfield code="a">Archivierung/Langzeitarchivierung gewährleistet</subfield>
   <subfield code="f">PEBW</subfield>
   <subfield code="x">XA-DE-BW</subfield>
   <subfield code="2">pdager</subfield>
   <subfield code="5">DE-24</subfield>
  </datafield>
  <datafield tag="583" ind1="1" ind2=" ">
   <subfield code="a">Archivierung prüfen</subfield>
   <subfield code="c">20240324</subfield>
   <subfield code="f">DE-4165</subfield>
   <subfield code="z">3</subfield>
   <subfield code="2">pdager</subfield>
  </datafield>
  <datafield tag="583" ind1="1" ind2=" ">
   <subfield code="a">Archivierung/Langzeitarchivierung gewährleistet</subfield>
   <subfield code="f">DISS</subfield>
   <subfield code="x">XA-DE-BW</subfield>
   <subfield code="2">pdager</subfield>
   <subfield code="5">DE-21</subfield>
  </datafield>
  <datafield tag="650" ind1=" " ind2="0">
   <subfield code="a">La Tène period</subfield>
   <subfield code="x">Europe, Central</subfield>
  </datafield>
  <datafield tag="650" ind1=" " ind2="4">
   <subfield code="a">Schmuck</subfield>
   <subfield code="x">Bekleidung</subfield>
   <subfield code="x">Keramik</subfield>
   <subfield code="x">Waffen</subfield>
   <subfield code="x">Werkzeug</subfield>
   <subfield code="x">Latènezeit</subfield>
   <subfield code="x">Kelten</subfield>
   <subfield code="x">Mitteleuropa</subfield>
   <subfield code="x">Fibel</subfield>
   <subfield code="x">Münze</subfield>
   <subfield code="x">Baden-Württemberg</subfield>
  </datafield>
  <datafield tag="651" ind1=" " ind2="0">
   <subfield code="a">Celts</subfield>
   <subfield code="x">Antiquities</subfield>
   <subfield code="x">Europe, Central</subfield>
  </datafield>
  <datafield tag="651" ind1=" " ind2="0">
   <subfield code="a">Europe, Central</subfield>
   <subfield code="x">Antiquities</subfield>
  </datafield>
  <datafield tag="655" ind1=" " ind2="7">
   <subfield code="a">Hochschulschrift</subfield>
   <subfield code="0">(DE-588)4113937-9</subfield>
   <subfield code="0">(DE-627)105825778</subfield>
   <subfield code="0">(DE-576)209480580</subfield>
   <subfield code="2">gnd-content</subfield>
  </datafield>
  <datafield tag="689" ind1="0" ind2="0">
   <subfield code="d">s</subfield>
   <subfield code="0">(DE-588)4030206-4</subfield>
   <subfield code="0">(DE-627)106271091</subfield>
   <subfield code="0">(DE-576)208986308</subfield>
   <subfield code="a">Kelten</subfield>
   <subfield code="2">gnd</subfield>
  </datafield>
  <datafield tag="689" ind1="0" ind2="1">
   <subfield code="d">s</subfield>
   <subfield code="0">(DE-588)4034668-7</subfield>
   <subfield code="0">(DE-627)106251546</subfield>
   <subfield code="0">(DE-576)209008288</subfield>
   <subfield code="a">Latène-Zeit</subfield>
   <subfield code="2">gnd</subfield>
  </datafield>
  <datafield tag="689" ind1="0" ind2="2">
   <subfield code="d">s</subfield>
   <subfield code="0">(DE-588)4131453-0</subfield>
   <subfield code="0">(DE-627)104151668</subfield>
   <subfield code="0">(DE-576)209627441</subfield>
   <subfield code="a">Depotfund</subfield>
   <subfield code="2">gnd</subfield>
  </datafield>
  <datafield tag="689" ind1="0" ind2="3">
   <subfield code="d">g</subfield>
   <subfield code="0">(DE-588)4039677-0</subfield>
   <subfield code="0">(DE-627)104270578</subfield>
   <subfield code="0">(DE-576)209036133</subfield>
   <subfield code="a">Mitteleuropa</subfield>
   <subfield code="2">gnd</subfield>
  </datafield>
  <datafield tag="689" ind1="0" ind2=" ">
   <subfield code="5">DE-101</subfield>
  </datafield>
  <datafield tag="710" ind1="2" ind2=" ">
   <subfield code="a">Landesdenkmalamt Baden-Württemberg</subfield>
   <subfield code="0">(DE-588)2028101-8</subfield>
   <subfield code="0">(DE-627)102284628</subfield>
   <subfield code="0">(DE-576)191800724</subfield>
   <subfield code="4">oth</subfield>
  </datafield>
  <datafield tag="710" ind1="2" ind2=" ">
   <subfield code="a">Landesdenkmalamt Baden-Württemberg</subfield>
   <subfield code="0">(DE-588)2028101-8</subfield>
   <subfield code="0">(DE-627)102284628</subfield>
   <subfield code="0">(DE-576)191800724</subfield>
   <subfield code="4">oth</subfield>
  </datafield>
  <datafield tag="751" ind1=" " ind2=" ">
   <subfield code="a">Tübingen</subfield>
   <subfield code="0">(DE-588)4061147-4</subfield>
   <subfield code="0">(DE-627)106136933</subfield>
   <subfield code="0">(DE-576)209138351</subfield>
   <subfield code="4">uvp</subfield>
  </datafield>
  <datafield tag="787" ind1="0" ind2="8">
   <subfield code="i">Rezensiert in</subfield>
   <subfield code="a">Kunter, Kari</subfield>
   <subfield code="t">[Rezension von: Gabriele Kurz, Keltische Hort- und Gewässerfunde in Mitteleuropa]</subfield>
   <subfield code="d">1997</subfield>
   <subfield code="w">(DE-627)1701976021</subfield>
  </datafield>
  <datafield tag="830" ind1=" " ind2="0">
   <subfield code="a">Materialhefte zur Archäologie in Baden-Württemberg</subfield>
   <subfield code="v">33</subfield>
   <subfield code="9">33</subfield>
   <subfield code="w">(DE-627)18234391X</subfield>
   <subfield code="w">(DE-576)036960225</subfield>
   <subfield code="w">(DE-600)1199504-X</subfield>
   <subfield code="x">1430-3442</subfield>
   <subfield code="7">ns</subfield>
  </datafield>
  <datafield tag="889" ind1=" " ind2=" ">
   <subfield code="w">(DE-627)277464749</subfield>
  </datafield>
  <datafield tag="935" ind1=" " ind2=" ">
   <subfield code="i">Blocktest</subfield>
  </datafield>
  <datafield tag="936" ind1="r" ind2="v">
   <subfield code="a">NF 1220</subfield>
   <subfield code="b">Allgemeines</subfield>
   <subfield code="k">Geschichte</subfield>
   <subfield code="k">Ur- und Frühgeschichte / Prähistorische Archäologie</subfield>
   <subfield code="k">Allgemeine und europäische Ur- und Frühgeschichte nach Epochen</subfield>
   <subfield code="k">Zeitlich übergreifende Darstellungen</subfield>
   <subfield code="k">Europa</subfield>
   <subfield code="k">Allgemeines</subfield>
   <subfield code="0">(DE-627)1271557665</subfield>
   <subfield code="0">(DE-625)rvk/125211:1191</subfield>
   <subfield code="0">(DE-576)201557665</subfield>
  </datafield>
  <datafield tag="936" ind1="r" ind2="v">
   <subfield code="a">NF 4245</subfield>
   <subfield code="b">Einzelbeiträge</subfield>
   <subfield code="k">Geschichte</subfield>
   <subfield code="k">Ur- und Frühgeschichte / Prähistorische Archäologie</subfield>
   <subfield code="k">Allgemeine und europäische Ur- und Frühgeschichte nach Epochen</subfield>
   <subfield code="k">Eisenzeit (750 v.Chr. - 0)</subfield>
   <subfield code="k">Latènezeit, Vorrömische Eisenzeit (500 - 0, jüngere vorrömische Eisenzeit)</subfield>
   <subfield code="k">Europa</subfield>
   <subfield code="k">Mitteleuropa (Deutschland, Österreich, Schweiz)</subfield>
   <subfield code="k">Einzelbeiträge</subfield>
   <subfield code="0">(DE-627)1271634066</subfield>
   <subfield code="0">(DE-625)rvk/125261:1197</subfield>
   <subfield code="0">(DE-576)201634066</subfield>
  </datafield>
  <datafield tag="936" ind1="r" ind2="v">
   <subfield code="a">NF 1280</subfield>
   <subfield code="b">Allgemeines</subfield>
   <subfield code="k">Geschichte</subfield>
   <subfield code="k">Ur- und Frühgeschichte / Prähistorische Archäologie</subfield>
   <subfield code="k">Allgemeine und europäische Ur- und Frühgeschichte nach Epochen</subfield>
   <subfield code="k">Zeitlich übergreifende Darstellungen</subfield>
   <subfield code="k">Europa</subfield>
   <subfield code="k">Mitteleuropa (Deutschland, Österreich, Schweiz)</subfield>
   <subfield code="k">Deutschland</subfield>
   <subfield code="k">Süddeutschland</subfield>
   <subfield code="k">Allgemeines</subfield>
   <subfield code="0">(DE-627)1271487632</subfield>
   <subfield code="0">(DE-625)rvk/125211:1206</subfield>
   <subfield code="0">(DE-576)201487632</subfield>
  </datafield>
  <datafield tag="936" ind1="b" ind2="k">
   <subfield code="a">15.17</subfield>
   <subfield code="j">Klassische Archäologie</subfield>
   <subfield code="0">(DE-627)106419749</subfield>
  </datafield>
  <datafield tag="936" ind1="b" ind2="k">
   <subfield code="a">15.19</subfield>
   <subfield code="j">Vor- und Frühgeschichte</subfield>
   <subfield code="0">(DE-627)10640329X</subfield>
  </datafield>
  <datafield tag="951" ind1=" " ind2=" ">
   <subfield code="a">BO</subfield>
  </datafield>
  <datafield tag="990" ind1=" " ind2=" ">
   <subfield code="a">Kelten</subfield>
  </datafield>
  <datafield tag="990" ind1=" " ind2=" ">
   <subfield code="a">Latène-Zeit</subfield>
  </datafield>
  <datafield tag="990" ind1=" " ind2=" ">
   <subfield code="a">Depotfund</subfield>
  </datafield>
  <datafield tag="990" ind1=" " ind2=" ">
   <subfield code="a">Mitteleuropa</subfield>
  </datafield>
  <datafield tag="991" ind1=" " ind2=" ">
   <subfield code="a">Rezensiertes Werk</subfield>
  </datafield>
  <datafield tag="999" ind1=" " ind2=" ">
   <subfield code="a">KXP-PPN189326085</subfield>
   <subfield code="e">4581953960</subfield>
  </datafield>
 </record>
</collection>
